000 00474nam a22001457a 4500
003 SGT
082 _a005.1
_bJHA
100 _aJHA,MANISH KUMAR
245 _aSOFTWARE PROJECT MANAGEMENMT
260 _aNEW DELHI
_bDHANPAT RAI & CO.
_c2012
300 _a502
650 _aCOMPUTER SCIENCE ENGINEERING
653 _aSOFTWARE PROJECT,PROJECT MANAGEMENT ORGANIZATIONAL STRUCTURE,PROJECT MANAGEMENT PROCESSES AND ELEMENTS,SOFTWARE DEVELOPMENT LIFE CYCLE MODELS,
942 _2ddc
_cBK
999 _c8213
_d8213